Alle Gewinner aus "Germany's next Topmodel" - Statistiken

Allgemein
  • Dieses Quiz wurde 51 mal gespielt
  • Das Durchschnittsergebnis liegt bei 8 aus 18
Antwortstatistiken
Jahr 🚩 Sieger/-in % Korrekt
2006 🇩🇪 Lena Gercke
97%
2007 🇩🇪 Barbara Meier
85%
2009 🇩🇪 Sara Nuru
69%
2014 🇩🇪 Stefanie Giesinger
69%
2013 🇩🇪 Lovelyn Enebechi
49%
2017 🇩🇪 Céline Bethmann
46%
2016 🇩🇪 Kim Hnizdo
46%
2022 🇦🇹 Lou - Anne Gleißenebner - Teskey
46%
2021 🇩🇪 Alex Mariah Peter
44%
2015 🇩🇪 Vanessa Fuchs
44%
2012 🇩🇪 Luisa Hartema
41%
2019 🇩🇪 Simone "Simi" Kowalski
38%
2020 🇩🇪 Jacqueline "Jacky" Wruck
33%
2023 🇩🇪 Vivien Blotzki
33%
2010 🇸🇾 🇦🇹 Alisar Ailabouni
31%
2011 🇩🇪 Jana Beller
31%
2008 🇩🇪 Jennifer Hof
31%
2018 🇩🇪 Tony Dreher - Adenuga
13%
Keine übereinstimmenden Quizze gefunden
Verteilung der Resultate
Anzahl Personen mit jedem Resultat
Perzentil nach korrekt beantworteten Fragen
Ihre Resultats-Entwicklung
Sie haben dieses Quiz noch nicht gespielt